Guess the random Taylor Swift Song Lyrics 146 - Statistics

General Stats
  • This quiz has been taken 66 times
  • The average score is 213 of 363
Answer Stats
Answer % Correct
I
98%
a
95%
the
95%
The
95%
you
93%
You
93%
my
89%
in
85%
In
85%
me
85%
when
85%
When
85%
to
84%
no
80%
No
80%
and
78%
And
78%
Do
78%
it
78%
of
78%
she
78%
was
78%
where
78%
who
76%
I'm
73%
So
73%
so
73%
That
71%
that
71%
what
69%
"What
69%
What
69%
for
67%
say
67%
all
65%
if
65%
it's
65%
It's
65%
like
64%
now
64%
they
64%
They
64%
'Cause
62%
'cause
62%
got
62%
with
62%
but
60%
not
60%
can
58%
up
58%
are
56%
first
56%
one
55%
said
55%
time
55%
kill
53%
call
51%
never
51%
out
51%
killed
49%
new
49%
believe
47%
Cassandra
47%
house
47%
knew
47%
they're
47%
that's
45%
worst
45%
life
44%
tell
44%
onto
42%
feared
40%
quiet
40%
regret
40%
town
40%
snakes
38%
there's
38%
tried
38%
wall
38%
Bet
36%
daydreams
36%
filled
36%
nothin'
36%
heard
35%
raging
35%
riot
35%
somethin'
35%
truth
35%
word
35%
cell
33%
doesn't
33%
lost
33%
soul
33%
along
31%
becomes
31%
comes
31%
crack
31%
flames
31%
into
31%
Patching
31%
placing
31%
screamin'
31%
set
31%
whole
31%
bitch"
29%
"Burn
29%
saying
29%
stone's
29%
streets
29%
Blood's
27%
lose
27%
makes
27%
mark
27%
payroll
27%
thick
27%
thrown
27%
track
27%
aware"
25%
family
25%
prayer
25%
shrieking
25%
single
25%
warning
25%
words
25%
Christian
22%
greed
22%
happens
22%
pure
22%
spared
22%
line
20%
nightmares
20%
pass
20%
smiles
20%
chorus
18%
snarls
18%
mourning
15%
patched
15%
tower
15%
weaving
15%
Twisting
13%
Ah
11%
ah
11%
No matching quizzes found
Score Distribution
Percent of People with Each Score
Percentile by Number Answered
Your Score History
You have not taken this quiz